000 01252nam a2200325 a 4500
001 3091565
003 MUT
005 20240606081232.0
008 990111s1999 maua b 001 0 eng
010 _a 98072067
020 _a017640709x
040 _aDLC
_cMUT
050 0 0 _aHF 5657
_b.M34 2007
082 0 0 _a658
_221
100 _aMallouk,Brenda M.
245 0 0 _aManagerial Accounting
246 3 _aManagerial accounting
250 _a2nd Canadian ed.
260 _aToronto,Ontario :
_bThomson,Nelson.,
_cc2007.
300 _axlvii, 1296 p. :
_bcol. ill. ;
_c29 cm.
500 _aRev. ed. of 2 separately published works: Financial & managerial accounting : a sole proprietorship approach / Belverd E. Needles, Jr. ... [et al.]. 4th ed. c1996. and Financial & managerial accounting : a corporate approach / Belverd E. Needles, Jr. ... [et al.]. 4th ed. c1996.
504 _aIncludes bibliographical references and indexes.
650 0 _aAccounting.
650 0 _aManagerial accounting.
650 0 _aSole proprietorship
_xAccounting.
700 1 _aSpraakman, Gary...etal
906 _a7
_bcbc
_corignew
_d2
_eopcn
_f19
_gy-gencatlg
942 _2lcc
_cBK
999 _c12700
_d12700